|
|
|
|
| LEADER |
00690nta a2200205 i 4500 |
| 001 |
dokt5580 |
| 005 |
20220505114651.0 |
| 008 |
220505s1992 hu om 0|| hun d |
| 040 |
|
|
|a SZTE Doktori Repozitórium
|b hun
|
| 041 |
|
|
|a hun
|
| 100 |
1 |
|
|a Révész Károly
|
| 245 |
1 |
0 |
|a Gázok kölcsönhatása adalékolt platinafém-felületekkel
|h [elektronikus dokumentum] /
|c Révész Károly
|
| 260 |
|
|
|c 1992
|
| 502 |
|
|
|a Disszertacio
|
| 650 |
|
4 |
|a kémiai tudományok
|
| 650 |
|
4 |
|a Természettudományok
|
| 650 |
|
4 |
|a Kémiai tudományok
|
| 695 |
|
|
|a Fizikai kémia
|
| 700 |
1 |
|
|a Kiss János
|e ths
|
| 856 |
4 |
0 |
|u https://doktori.bibl.u-szeged.hu/id/eprint/5580/1/1992_revesz_karoly.pdf
|z Dokumentum-elérés
|